Matematická analýza pro fyziky (I)

Gespeichert in:
Bibliographische Detailangaben
1. Verfasser: Kopáček, Jiří (Verfasst von)
Format: Buch
Sprache:Tschechisch
Veröffentlicht: Praha : Matfyzpress, 2001
Ausgabe:2.vyd.
Tags: Tag hinzufügen
Keine Tags, Fügen Sie das erste Tag hinzu!

MARC

LEADER 00000nam a22000003a 4500
001 stu76264
005 20150617225645.4
008 020625s2001----xr------------------cze-d
020 |a 80-85863-74-X 
040 |a STU  |b slo 
041 0 |a cze 
044 |a xr 
080 |a 517:53(075.8) 
100 1 |a Kopáček, Jiří  |4 aut 
245 1 |a Matematická analýza pro fyziky (I) 
250 |a 2.vyd. 
260 |a Praha :  |b Matfyzpress,  |c 2001 
300 |a 187 s. Grafy,lit.,index 
996 |b CS72805  |c C*S72805  |l CCXIII  |s P  |a 0  |w stu76264_0001